<?xml version="1.0" encoding="UTF-8"?>
<record
    xmlns:xsi="http://www.w3.org/2001/XMLSchema-instance"
    xsi:schemaLocation="http://www.loc.gov/MARC21/slim http://www.loc.gov/standards/marcxml/schema/MARC21slim.xsd"
    xmlns="http://www.loc.gov/MARC21/slim">

  <leader>00926cam a22002771  4500</leader>
  <controlfield tag="001">sa 68012545 </controlfield>
  <controlfield tag="003">DLC</controlfield>
  <controlfield tag="005">20260227112611.0</controlfield>
  <controlfield tag="008">891013m19519999ii c          000 0 sano </controlfield>
  <datafield tag="010" ind1=" " ind2=" ">
    <subfield code="a">sa 68012545 </subfield>
  </datafield>
  <datafield tag="035" ind1=" " ind2=" ">
    <subfield code="a">(OCoLC)20488416</subfield>
  </datafield>
  <datafield tag="040" ind1=" " ind2=" ">
    <subfield code="a">DLC</subfield>
    <subfield code="c">WaU</subfield>
    <subfield code="d">DLC</subfield>
  </datafield>
  <datafield tag="041" ind1="0" ind2=" ">
    <subfield code="a">sanmar</subfield>
  </datafield>
  <datafield tag="042" ind1=" " ind2=" ">
    <subfield code="a">premarc</subfield>
  </datafield>
  <datafield tag="050" ind1="0" ind2="0">
    <subfield code="a">PK541</subfield>
    <subfield code="b">.B489</subfield>
  </datafield>
  <datafield tag="100" ind1="0" ind2=" ">
    <subfield code="a">Bha&#x1E6D;&#x1E6D;oj&#x12B; D&#x12B;k&#x1E63;ita.</subfield>
  </datafield>
  <datafield tag="245" ind1="1" ind2="0">
    <subfield code="a">Prau&#x1E0D;ha manoram&#x101;.</subfield>
  </datafield>
  <datafield tag="260" ind1=" " ind2=" ">
    <subfield code="c">1951-</subfield>
  </datafield>
  <datafield tag="300" ind1=" " ind2=" ">
    <subfield code="a">v.</subfield>
    <subfield code="b">ports.</subfield>
    <subfield code="c">19 cm.</subfield>
  </datafield>
  <datafield tag="500" ind1=" " ind2=" ">
    <subfield code="a">A commentary on the author's Siddh&#x101;nta kaumadi, which is in turn a commentary on P&#x101;nini's A&#x1E63;&#x1E6D;&#x101;dhy&#x101;y&#x12B;.</subfield>
  </datafield>
  <datafield tag="500" ind1=" " ind2=" ">
    <subfield code="a">In Sanskrit ; introductory matter and commentary in Marathi.</subfield>
  </datafield>
  <datafield tag="650" ind1=" " ind2="0">
    <subfield code="a">Sanskrit language</subfield>
    <subfield code="x">Grammar.</subfield>
  </datafield>
  <datafield tag="700" ind1="0" ind2=" ">
    <subfield code="a">Harid&#x12B;k&#x1E63;ita.</subfield>
    <subfield code="t">&#x15A;abdaratna.</subfield>
  </datafield>
  <datafield tag="700" ind1="1" ind2=" ">
    <subfield code="a">Wadegaonkar, Narayan Dajiba,</subfield>
    <subfield code="d">1871-1950.</subfield>
  </datafield>
  <datafield tag="740" ind1="0" ind2=" ">
    <subfield code="a">Manoram&#x101; va &#x15B;abdaratna y&#x101;&#xF1;c&#x1EBD;  vivaran&#x101;tmaka Mar&#x101;&#x1E6D;h&#x12B; bh&#x101;sh&#x101;ntara.</subfield>
  </datafield>
  <datafield tag="999" ind1=" " ind2=" ">
    <subfield code="c">84584</subfield>
    <subfield code="d">84584</subfield>
  </datafield>
</record>
